000 00233nam a22000857a 4500
008 161024b xxu||||| |||| 00| 0 eng d
100 _9951
_aJai Singh.S.etal.
245 _aMathematics-Class-6
260 _aNew Delhi
_bAmity Publications
_c2009
999 _c3607
_d3607